Getting started in options /
Saved in:
| Main Author: | |
|---|---|
| Format: | Book |
| Language: | English |
| Published: |
New York :
John Wiley and Sons,
1997.
|
| Edition: | 3rd ed. |
| Subjects: | |
| Tags: |
Add Tag
No Tags, Be the first to tag this record!
|
| Institutions: | Mạng thư viện Đại học Đà Nẵng |
|---|
| LEADER | 00869cam a2200349 i 4500 | ||
|---|---|---|---|
| 001 | 000045152 | ||
| 003 | 4280 | ||
| 005 | 20030225162228.0 | ||
| 008 | 010220|1997 vm 000 eng | ||
| 020 | |a 047117758X | ||
| 040 | |a IRC |c IRC |d IRC | ||
| 041 | 0 | |a eng | |
| 082 | 1 | 4 | |a 332.63228 |b TH-M |
| 100 | 1 | |a Thomsett, Michael C. | |
| 245 | 0 | 0 | |a Getting started in options / |c Michael C.Thomsett. |
| 250 | |a 3rd ed. | ||
| 260 | |a New York : |b John Wiley and Sons, |c 1997. | ||
| 300 | |a v, 291p. : |b ill. | ||
| 630 | 0 | 4 | |a Financial economics. |
| 630 | 0 | 4 | |a Options. |
| 650 | 0 | 4 | |a Options (Finance) |
| 650 | 0 | 4 | |a Stock options. |
| OWN | |a DUT | ||
| 999 | |a From the UDN01 | ||
| TYP | |a Monograph | ||
| TYP | |a Printed language | ||
| 980 | |a Mạng thư viện Đại học Đà Nẵng | ||


